Statistisches Jahrbuch Nordrhein-Westfalen 2012 54. Jahrgang

Saved in:
Bibliographic Details
Format: Book
Language:German
Published: Düsseldorf Information und Technik Nordrhein-Westfalen Geschäftsbereich Statistik 2012
Subjects:
Tags: Add Tag
No Tags, Be the first to tag this record!

MARC

LEADER 00000nam$a2200000$$$4500
001 0164657
005 20240315123222.9
020 |a 978-3-939943-28-0 
041 0 |a ger 
044 |a DE 
245 1 0 |a Statistisches Jahrbuch Nordrhein-Westfalen 2012  |b 54. Jahrgang 
264 1 |a Düsseldorf  |b Information und Technik Nordrhein-Westfalen Geschäftsbereich Statistik  |c 2012 
300 |a 758 s. 
610 2 0 |a údaje štatistické 
610 2 0 |a tabuľky štatistické 
610 2 0 |a Nordrhein-Westfalen